[Event "EU-Cup 13th Group7"]
[Site "Krynica"]
[Date "1997.09.15"]
[Round "1"]
[White "Slovineanu, Viacheslav"]
[Black "Djuric, Stefan"]
[Result "1-0"]
[WhiteElo "2420"]
[BlackElo "2545"]
[Annotator "Wedberg,T"]
[PlyCount "55"]
[EventDate "1997.09.15"]
[EventType "team-k.o."]
[EventRounds "3"]
[EventCountry "POL"]
[SourceTitle "EXT 2020"]
[Source "ChessBase"]
[SourceDate "2019.10.17"]
[SourceVersion "1"]
[SourceVersionDate "2019.10.17"]
[SourceQuality "1"]
[WhiteTeam "Chisinau Rezina-Gaz"]
[BlackTeam "Smederevska Palanka Gosa"]
[WhiteTeamCountry "MDA"]
[BlackTeamCountry "SRB"]

{This game can put a lot of ideas in your head. Like playing Qe2, 0-0-0 and g4
against the Spanish.} 1. e4 {Konikowski,J Petursson} e5 2. Nf3 Nc6 3. Bb5 a6 4.
Ba4 Nf6 5. Qe2 b5 (5... Be7 6. c3 b5 7. Bc2 (7. Bb3 d6 (7... O-O 8. d3 Bb7 9.
Nbd2 Na5 10. Bc2 c5 11. Nf1 Re8 12. h3 Bf8 13. g4 d5 14. Ng3 g6 15. Bd2 Qc7 16.
O-O-O d4 17. Rhg1 Rab8 18. h4 dxc3 19. Bxc3 b4 $17 {0-1 Daubenfeld,G-Rivar,M/
WchJM-U10 1995/JUN 95 (37)}) 8. d3 Na5 9. Bc2 c5 10. Nbd2 Nc6 11. Nf1 O-O 12.
h3 h6 13. g4 Nh7 14. Ne3 g6 15. Nd5 Kg7 16. Rg1 Bg5 17. Be3 Bxe3 18. fxe3 Ne7
19. O-O-O $14 {1-0 Lamoureux,S-Collange,P/Paris op 1993/EXT 93op (44)}) 7... d6
8. d4 exd4 9. Nxd4 Bb7 10. Nf5 O-O 11. Bg5 Re8 12. Nd2 Bf8 13. O-O-O Ne5 (13...
h6 14. Be3 Ne7 15. Ng3 Qc8 16. f4 Ng6 17. h4 Ng4 18. h5 Nxe3 19. Qxe3 Ne7 20.
Qd3 Rd8 21. e5 g6 $13 {0-1 Tiviakov,S-Yemelin,V/RUS-ch 1995/CBM 50/[Hecht] (69)
}) 14. g4 c5 15. f4 Ned7 16. Rhg1 Qa5 17. Bxf6 Nxf6 18. g5 Nd7 19. Nh6+ $40 {
1-0 Tiviakov,S-Iuldachev,S/World Cities 1997/EXP 58 (24)}) (5... Qe7 6. c3 g6
7. d3 Bg7 8. Bg5 O-O 9. Nbd2 d6 10. Nf1 Nd8 11. Ne3 c6 12. Bh4 Ne6 13. g3 h6
14. Bxf6 Qxf6 15. Bc2 Qd8 16. O-O-O d5 17. Kb1 d4 18. cxd4 Nxd4 19. Nxd4 exd4
20. Ng2 a5 21. g4 a4 22. f4 b5 23. h4 b4 $13 {Ciocaltea,V-Shvidler,E/Beer
Sheva 1982/MCD-r8/1-0 (52)}) 6. Bb3 Bb7 (6... Bc5 7. c3 O-O 8. d3 Bb7 (8... d6
9. Bg5 h6 10. Bh4 Be6 11. Nbd2 Qe7 12. Bd5 Bd7 13. g4 $2 g5 $1 14. Nxg5 Nxd5
15. exd5 hxg5 16. Bg3 Na7 $17 {1/2-1/2 Fogarasi,T-Pribyl,M/Budapest FS11 GM
1996/EXT 97 (27)}) 9. Bg5 h6 10. Bh4 Re8 11. Nbd2 Bf8 12. g4 Na5 13. Bc2 c5 14.
g5 hxg5 15. Bxg5 Qb6 16. O-O-O d5 17. Rdg1 $13 {1/2-1/2 Tiviakov,S-Sokolov,I/
Wijk op 1995/CBM 46 (28)}) (6... Na5 {Konikowski,J} 7. Nxe5 Nxb3 8. axb3 Qe7 9.
d4 d6 10. Nc6 Qxe4 11. Qxe4+ Nxe4 12. O-O Bf5 13. c4 bxc4 14. bxc4 Kd7 15. d5
Be7 16. b4 Bf6 17. Ra3 h5 18. Be3 Rhe8 19. f3 Nc3 20. Nxc3 Rxe3 21. Rc1 Rae8
$15 {Psakhis,L-Mikhalevski,A/Beersheba 1993/}) 7. c3 Bd6 $146 (7... Bc5 8. O-O
(8. d3 {Konikowski,J} Bb6 (8... d6 9. O-O O-O (9... h6 $142) 10. Bg5 Kh8 11.
Nbd2 Qd7 12. Bxf6 gxf6 13. Nh4 Rg8 14. Qh5 Nd8 15. Qh6 Qg4 16. Qxf6+ Rg7 17.
Ndf3 Ne6 18. Bxe6 fxe6 19. h3 Qh5 20. Kh2 d5 21. g4 Qe8 22. Rae1 Qg8 23. Nxe5
$18 {Mason,J-Roberts,A/USA-04.Congress 1876/}) 9. Nbd2 h6 10. h3 d6 11. Nf1 Nh5
12. Nxe5 Nxe5 13. Qxh5 Qf6 14. Qe2 Qxf2+ 15. Qxf2 Nxd3+ 16. Ke2 Nxf2 17. Rh2
Nxe4 $19 {Jeitz,C-Fortin,M/WchJM-U10 1995/JUN 95}) 8... d6 9. Rd1 Qe7 10. d3
O-O (10... h6 $142 $5) 11. Bg5 h6 12. Bh4 Rae8 13. Nbd2 g5 14. Bg3 Nh5 $13 {
1-0 Spiegel,S-Kruskic,M/Mainz op 1995/EXT 97 (36)} (14... Nh5 15. Bd5 Nxg3 16.
hxg3 Qf6 17. Nf1 Kg7 18. g4 h5 19. Ng3 Rh8 20. gxh5 Qf4 21. Nf5+ Kf6 22. Nh2 g4
23. g3 $18 {Spiegel,S-Kruskic,M/Mainz op 1995/})) 8. d3 O-O 9. Nbd2 (9. Bg5 $5
{Konikowski,J}) 9... h6 10. Nf1 Re8 11. g4 $5 Na5 (11... Nxg4 12. Rg1 (12. Ng5
{Konikowski,J} hxg5 13. Qxg4 Be7 14. h4 $1 $40) 12... h5 13. h3 Nf6 14. Ng5 Rf8
15. Ng3 $40) 12. Bc2 c5 (12... Nxg4 $5 13. Rg1 h5 14. h3 (14. Ng3 {Konikowski,J
} g6 15. Nxh5 gxh5 16. h3 $40) 14... Nf6 15. Ng3 g6 16. Bg5 Kh8 17. O-O-O $13)
13. Ng3 Bf8 (13... Nxg4 $2 {Konikowski,J} 14. Nf5 Bf8 15. Rg1 $18) (13... Qc7 {
Konikowski,J} 14. g5 hxg5 15. Bxg5 Nh7 16. Be3 Bf8 $14) 14. g5 hxg5 15. Bxg5
Qb6 16. Rg1 d5 17. Nh4 (17. Nf5 $5 {Konikowski,J}) 17... dxe4 (17... c4 18.
Nhf5 cxd3 19. Bxd3 dxe4 20. Nxe4 Nxe4 21. Bxe4 Bxe4 22. Qxe4 $14) 18. dxe4 Nh7
19. Ngf5 Re6 (19... Nxg5 20. Rxg5 Rad8 21. Qh5 $40 (21. Qh5 {Konikowski,J} Re6
22. Nxg7 $5 Bxg7 23. Qg4 (23. Nf5 $5) 23... Rg6 24. Nxg6 fxg6 25. Rxg6 $40))
20. O-O-O Nxg5 21. Rxg5 g6 22. Rdg1 b4 23. Nxg6 $1 fxg6 (23... Rxg6 {Petursson}
24. Qh5 $1 $18) 24. Qh5 Kf7 25. Rxg6 (25. Qh7+ {Petursson} Ke8 26. Ba4+ Bc6 27.
Rxg6 Bxa4 28. Ng7+ $1 Bxg7 29. Qg8+) 25... Rxg6 26. Qh7+ Ke8 (26... Bg7 27.
Nh6+ Ke8 (27... Rxh6 {Petursson} 28. Rxg7+ Ke8 29. Rg8#) (27... Ke7 {
Konikowski,J} 28. Rxg6 $18) 28. Rxg6 $18) 27. Rxg6 Qb5 28. Rg8 1-0

[Event "ARG-ch"]
[Site "Argentina"]
[Date "1995.??.??"]
[Round "14"]
[White "Gomez Baillo, Jorge H"]
[Black "Sorin, Ariel"]
[Result "1/2-1/2"]
[WhiteElo "2420"]
[BlackElo "2500"]
[Annotator "Wedberg,T"]
[PlyCount "71"]
[EventDate "1995.??.??"]
[EventType "tourn"]
[EventRounds "15"]
[EventCountry "ARG"]
[EventCategory "9"]
[SourceTitle "CBM 049"]
[Source "ChessBase"]
[SourceDate "1995.12.01"]
[SourceVersion "1"]
[SourceVersionDate "1995.12.01"]
[SourceQuality "1"]

1. e4 {King} e5 2. Nf3 Nc6 3. Bb5 a6 4. Ba4 Nf6 5. Qe2 b5 6. Bb3 Bc5 7. a4 Rb8
8. axb5 axb5 9. Nc3 O-O 10. Nxb5 $6 (10. O-O b4 11. Nd5 d6 (11... Nd4 12. Nxd4
Bxd4 13. Ra4 Nxd5 14. exd5 d6 15. d3 Bd7 16. Ra1 f5 $17 {Suechting,H-Maroczy,G/
Wien/1908}) (11... Nxd5 12. Bxd5 Nd4 13. Nxd4 Bxd4 14. c3 Bb6 15. cxb4 c6 16.
Bc4 Bd4 17. b5 $13 {Varga,Zo-Morris,P/Cannes op/1993}) 12. h3 Nxd5 13. Bxd5 Ne7
14. Bc4 Ng6 15. d3 Qf6 16. Nh2 Nf4 17. Qf3 g5 18. Be3 h5 $17 {Thomas,
G-Rubinstein,A/Karlsbad/1923}) (10. Nd5 Nxd5 (10... d6 11. d3 Bg4 12. Bg5 Nd4
13. Bxf6 Ra8 14. Qd1 Rxa1 15. Qxa1 Nxb3 16. cxb3 gxf6 $15 {Alapin,S-Leonhardt,
P/Bad Pistyan/1912}) 11. Bxd5 Nd4 (11... Ne7 12. Bb3 d6 (12... d5 13. d3 Qd6
14. O-O f6 15. Be3 Kh8 16. Bxc5 Qxc5 17. exd5 Bb7 $10 {Alapin,S-Duras,O/Bad
Pistyan/1912}) 13. d3 Be6 14. Bxe6 fxe6 15. Be3 Bb6 16. O-O Ng6 17. g3 Qf6 18.
Bxb6 Rxb6 19. Kg2 $10 {Alapin,S-Spielmann,R/Bad Pistyan/1912}) 12. Nxd4 Bxd4
13. c3 (13. O-O c6 14. Bb3 d6 15. d3 Qh4 $10 {Alapin,S-Yates,F/Bad Pistyan/1912
}) 13... Bb6 14. d3 c6 15. Bb3 d6 16. O-O Be6 $10 {Spielmann,R-Gruenfeld,E/
Wien/1923}) (10. d3 d6 (10... Nd4 11. Nxd4 exd4 12. Nd1 d5 13. e5 Ng4 14. O-O
Re8 15. f4 f6 16. h3 Nh6 17. Qf3 c6 18. exf6 gxf6 19. Nf2 $14 {Rabinovich,
A-Leonhardt,P/Karlsbad/1911}) 11. h3 (11. Bg5 Bb4 (11... h6 12. Bxf6 Qxf6 13.
Nd5 Qd8 14. O-O b4 15. h3 Kh8 16. Ba4 Ne7 17. Rad1 Ba6 18. Bb3 c6 19. Nxe7 Qxe7
$10 {Bogoljubow,E-Eliskases,E/Nuernberg/1939}) 12. O-O Bxc3 13. bxc3 h6 14. Bh4
Qe7 15. Nd2 g5 16. Bg3 b4 17. cxb4 Nd4 18. Qd1 Nxb3 19. Nxb3 Rxb4 $10 {
Spielmann,R-Eliskases,E/Linz/1932}) 11... Be6 12. Nd5 Bxd5 13. exd5 Ne7 14. Bg5
Ng6 15. Nd2 h6 16. Bxf6 Qxf6 17. Ne4 Qe7 18. h4 Ra8 19. Rxa8 Rxa8 20. Kd2 Bb6
$10 {Treybal,K-Teichmann,R/Teplitz-Schoenau/1922}) 10... d5 $1 11. Nc3 {N} (11.
exd5 e4 12. Ng5 Ne5 (12... Rxb5 13. Qxb5 Bxf2+ 14. Kxf2 Ng4+ 15. Ke1 Qxg5 16.
Qxc6 Ne5 17. Qxc7 Qxg2 18. Qxe5 Qxh1+ $10 {Suechting,H-Johner,P/Wien/1908}) (
12... Nb4 $44 {ECO Hort,V}) 13. Nxe4 Nxe4 14. d4 Rxb5 15. dxc5 Rxb3 16. cxb3
Qxd5 $17 {Strikovic,A-Miranovic,R/Cetinje/1992}) 11... Bg4 $1 (11... Nd4 $6 12.
Nxd4 exd4 13. Nxd5 Nxd5 14. Bxd5 $16) 12. Bxd5 (12. Nxd5 $2 Nd4 13. Qd3 Rxb3
14. cxb3 Nxd5 15. exd5 e4 $19) 12... Nd4 13. Qd3 Bxf3 14. gxf3 Nh5 $17 15. Ne2
Qh4 16. b4 Nf4 $5 (16... Nxe2 17. bxc5 (17. Qxe2 Nf4 18. Qf1 Bxb4 $17) 17...
Nd4 $40 {[%csl Yc2,Yf2,Yf3,Yf4]}) 17. Nxf4 Nxc2+ 18. Kd1 (18. Qxc2 $2 Qxf2+ 19.
Kd1 Qxf3+ $19) 18... Nxb4 19. Qc4 Qxf4 20. Ke2 Bd4 (20... Bd6 $5) 21. Ra4 Qh4
22. Rf1 c5 23. Ba3 Qxh2 $2 (23... Nxd5 $17) 24. Bxb4 Rxb4 25. Rxb4 cxb4 26.
Qxb4 g6 27. Qe7 Kg7 {King: Black is tied down to defending f7, White to
defending f2, so the position is almost symmetrical, apart from Black's passed
h-pawn. However, White neutralises the threat to push the pawn with his next
move, and equalises easily.} 28. Qg5 $10 Rb8 (28... h5 {King} 29. Qg3 $10) 29.
Qg3 Qh6 30. Rd1 Rb2 31. Qg4 Rb6 32. Bxf7 Kxf7 33. Qd7+ Kg8 34. Qd5+ Kh8 35.
Qd8+ Kg7 36. Qd7+ 1/2-1/2

[Event "Hastings 0102 77th"]
[Site "Hastings"]
[Date "2002.01.04"]
[Round "7"]
[White "Gallagher, Joseph G"]
[Black "Sasikiran, Krishnan"]
[Result "0-1"]
[WhiteElo "2511"]
[BlackElo "2569"]
[Annotator "Wedberg,T"]
[PlyCount "78"]
[EventDate "2001.12.29"]
[EventType "tourn"]
[EventRounds "9"]
[EventCountry "ENG"]
[EventCategory "11"]
[SourceTitle "CBM 087"]
[Source "ChessBase"]
[SourceDate "2002.03.21"]
[SourceVersion "1"]
[SourceVersionDate "2002.03.21"]
[SourceQuality "1"]

1. e4 e5 2. Nf3 Nc6 3. Bb5 a6 4. Ba4 Nf6 5. d3 d6 6. c3 Bd7 7. Nbd2 g6 8. Nf1
Nh5 $5 {[%cal Yf7f5,Yh5f4] An interesting idea championed by Mihai Marin.
Black starts actions on the K-side in the early opening phase. The motivation
is that it's the last chance to play Nh5 before White gets to play Ng3. Long
term Black wants to attack with f5.} 9. Bg5 (9. Ng3 Nf4 10. O-O (10. Bxf4 $6 {
Taking takes White nowhere.} exf4 11. Ne2 Bh6 (11... g5 12. d4 b5 13. Bc2 g4
14. Nd2 Bh6 15. Bd3 Qf6 $36 {0-1 Maka,M-Liwak,P/Rowy 1998/EXT 2000 (49)}) 12.
d4 Qe7 13. Bc2 O-O 14. O-O Kh8 15. Re1 g5 $40 {0-1 Saltaev,M-Volzhin,A/
Volgograd 1994/CBM 41 (35)}) 10... Bg7 11. d4 (11. Ne2 Nxe2+ 12. Qxe2 O-O 13.
Bg5 Qe8 14. Qd2 f5 $15 {0-1 Stoma,P-Pinski,J/Kazimierz Dolny 2001/CBM 81 ext 
(46)}) (11. Be3 O-O 12. d4 (12. Qd2 Qf6 13. d4 Rad8 14. Ne1 h5 15. Nd3 Bh6 $15
{0-1 Stefanov,P-Marin,M/Predeal 1988/EXT 97 (47)}) 12... b5 13. Bc2 h5 14. d5
Na5 15. b3 Qf6 16. Ne1 c5 $15 {0-1 Reyes,J-Marin,M/Thessaloniki 1988/TD (27)})
11... b5 12. Bb3 O-O 13. Be3 Qf6 14. dxe5 Nxe5 15. Nxe5 Qxe5 16. Qd2 $13 {
1-0 Lopez Martinez,J-Marin,M/Andorra 2001/CBM 83 ext (29)}) (9. d4 Bg7 10. dxe5
dxe5 11. Ne3 Nf4 12. O-O O-O 13. Nd5 Ne6 14. b4 f5 15. Bb3 Kh8 16. Qe2 f4 $40 {
0-1 Simon,E-Marin,M/Manresa 1993/EXT 97 (31)}) 9... f6 10. Be3 Nf4 11. Bxf4 {
White gets the centre, but I think Black's P's on the K-side are more valuable.
} exf4 12. g3 $6 {[%mdl 16384] A strategical mistake softening White where he
should be defending.} (12. d4 $142 {[%cal Yf3d4,Gd4d5] if allowed White can
proceed with d5 and Nd4.} b5 13. Bc2 $13) 12... Bh6 $1 {[%csl Rf3][%mdl 2048]}
(12... fxg3 $6 13. hxg3 $14 {[%cal Yf1e3]}) 13. gxf4 (13. Qd2 Ne5 $1 $17) (13.
d4 $142) 13... Bxf4 14. Nd4 O-O 15. Nxc6 bxc6 16. Qf3 Bh6 17. Ne3 f5 $36 {
White is already on the defensive.} 18. exf5 Bxe3 19. Bb3+ d5 20. fxe3 Rxf5 21.
Qg3 Rg5 22. Qf4 Rg4 23. Qf2 Qg5 24. h4 Qh6 25. O-O-O Rf8 26. Qd2 Rxh4 27. Rxh4
Qxh4 $19 28. e4 Be6 29. Kb1 Qf4 30. Qg2 Bg4 31. Rg1 Bf3 32. Qh3 Kg7 33. Qd7+
Rf7 34. Qxc6 Qe3 35. Rc1 Qxd3+ 36. Bc2 Qb5 37. Qe6 Bxe4 38. Qe5+ Kg8 39. a4
Qxa4 0-1

[Event "Groningen"]
[Site "Groningen"]
[Date "1995.??.??"]
[Round "11"]
[White "Tiviakov, Sergei"]
[Black "Sokolov, Ivan"]
[Result "0-1"]
[WhiteElo "2655"]
[BlackElo "2630"]
[Annotator "Wedberg,T"]
[PlyCount "96"]
[EventDate "1995.12.??"]
[EventType "tourn"]
[EventRounds "11"]
[EventCountry "NED"]
[EventCategory "17"]
[SourceTitle "CBM 051"]
[Source "ChessBase"]
[SourceDate "1996.04.01"]
[SourceVersion "1"]
[SourceVersionDate "1996.04.01"]
[SourceQuality "1"]

1. e4 {Sokolov,I King Kortschnoj} e5 2. Nf3 Nc6 3. Bb5 a6 4. Ba4 Nf6 5. Qe2 Be7
(5... Bc5 6. Bxc6 bxc6 7. Nxe5 O-O 8. O-O Qe7 9. Nd3 Bd4 $1 10. c3 Bb6 11. Nf4
Re8 12. d4 Qxe4 13. Qxe4 Rxe4 14. Be3 Ng4 15. Bd2 c5 $1 $36 {Tiviakov-Sokolov,
I (Linares 1995)}) 6. c3 O-O $5 {N TN} 7. d4 (7. Bxc6 dxc6 (7... bxc6 {
Kortschnoj} 8. Nxe5 Bd6 (8... Re8 $44) 9. d4 Re8 10. f4 c5 $44) 8. Nxe5 Re8 9.
d4 c5 $44) (7. O-O b5 8. Bb3 d5) 7... exd4 8. e5 (8. cxd4 {Kortschnoj} d5 9. e5
Ne4 $10) 8... Re8 {[%cal Ye8e1] This game is a lesson in fundamental geometry.}
(8... Nd5 $2 9. Bc2 {/\ 10.Qe4}) 9. O-O (9. cxd4 Bb4+ 10. Bd2 Bxd2+ 11. Nbxd2 (
11. Qxd2 d6 12. O-O Nd5 13. Nc3 Be6 $10) 11... d6 12. O-O b5 (12... Bg4 $5 {
Sokolov,I}) 13. Bb3 Be6 (13... dxe5 $6 14. dxe5 Be6 15. Rac1 Nd4 $2 16. Nxd4
Qxd4 17. Nf3 Qb6 $2 18. Bxe6 Rxe6 19. Ng5 Ree8 20. Qf3 h6 21. Rc6 $18) 14. Rac1
Nb4 $10) 9... dxc3 10. exf6 $2 (10. Nxc3 $44 Bd6 (10... Bb4 $1 {Sokolov,I} 11.
Bxc6 (11. Bg5 Bxc3 12. bxc3 d6 13. Bxc6 bxc6 14. Rad1 Bg4 $17) 11... dxc6 12.
Bg5 (12. Qc2 Nd5 13. Ng5 g6 $17) 12... Bxc3 $1 (12... Bg4 $2 13. Ne4 $1 Rxe5
14. Nxf6+ gxf6 15. Qxe5) 13. Rad1 (13. bxc3 Bg4 14. Rad1 Qc8 $17) 13... Bd7 14.
bxc3 Qc8 15. Bxf6 (15. Qd2 Nd5 16. c4 Nb6 $17) 15... gxf6 16. Qd2 Bg4 17. exf6
Qf5 $17)) (10. Bxc6 $1 {Sokolov,I} dxc6 11. exf6 Bxf6 12. Qc2 Bf5 13. Qb3 Be6
14. Qc2 (14. Qa3 $2 Bc4) 14... Bf5 $10) 10... Bxf6 {[%cal Yf6b2]} 11. Qc2 Nb4 (
11... b5 $1 {Sokolov,I} 12. Bb3 Nb4 13. Bxf7+ (13. Qf5 $2 d5) 13... Kxf7 14.
Qb3+ d5 15. Qxb4 c5 16. Qb3 (16. Qa3 b4 17. Qb3 Be6 $1 18. bxc3 bxc3 $19) 16...
c4 17. Qb4 (17. Qc2 cxb2 18. Bxb2 d4 19. Qxh7 Bg4 $1 (19... Qd5 20. Bxd4 $1
Bxd4 21. Rd1 $132) 20. Rd1 Qd5 21. Bxd4 Bxf3 22. gxf3 Bxd4 23. Nc3 Qg5+ $19)
17... a5 $1 18. Qxb5 Ba6 $1 19. Qc6 cxb2 $19) 12. Qb3 Nd3 $1 13. Nxc3 Nxc1 14.
Raxc1 b5 15. Bxb5 (15. Nxb5 axb5 16. Bxb5 Rb8 17. Qa4 c6 $17) 15... axb5 16.
Nxb5 Rb8 17. Qa4 Bb7 (17... Bxb2 18. Rxc7 Rxb5 19. Qxb5 Qxc7 20. Qxb2 Bb7 $13)
18. Nxc7 Re4 19. Qd1 Bxb2 20. Rc2 (20. Rb1 $5 {Sokolov,I}) 20... Bc6 $36 21.
Na6 Rb6 22. Nc5 Re8 23. Rd2 Qa8 $1 {[%cal Ya8h1]} 24. Nxd7 Rb4 25. Nc5 (25. Re1
$2 Ba4 $1 26. Rxe8+ (26. Nb6 {Sokolov,I} Rxb6 27. Rxe8+ Bxe8 28. Rd8 Rb8 $19) (
26. Qb1 {Sokolov,I} Bc3 $19) 26... Qxe8 $19) (25. Re1 $1 $44) 25... Rg4 $40 {
[%cal Yg4g1]} 26. Kh1 (26. Ne1 Bxg2 (26... Rg6 $5 $40) 27. Qxg4 Bxf1 28. Ned3
Bxd3 29. Nxd3 Bf6 $17) (26. Re1 {Sokolov,I} Rc8 $1 (26... Rxe1+ $4 27. Nxe1) (
26... Bxf3 $4 27. Rxe8+ Qxe8 28. Rd8 Rxg2+ 29. Kf1) 27. Re3 Bf6 $1 28. Nd7 Bg5
$1 29. Nb6 Bxe3 30. Nxa8 Bxd2 $19) 26... Bc3 27. Rc2 {[#]} (27. Rd3 Bb4 28. Qc2
(28. Nb3 Bb5 $17) 28... Bb5 $17 {[%cal Yb5f1]}) 27... Rd4 $1 28. Rxc3 $2 (28.
Nxd4 Bxg2+ 29. Kg1 Bxf1 30. Qxf1 (30. Nf3 Rd8 $17 (30... Rd8 $1 {Sokolov,I} 31.
Qxf1 Qxf3 $19)) 30... Bxd4 $17 (30... Re1 $2 31. Rxc3 $16)) (28. Nd3 Bxf3 29.
gxf3 Qc6 30. Rg1 Qc4 31. Re2 Rc8 (31... Red8 32. Ne5) 32. Re3 Qxa2 $15) 28...
Rxd1 29. Rxd1 Qxa2 $19 30. Kg1 h6 31. h3 Re2 32. Nd3 (32. Rf1 {Sokolov,I} Rxf2
$1 33. Rxf2 Qa1+ $19) 32... Bxf3 33. gxf3 Qd5 34. Re1 (34. Kg2 Re6 $19) 34...
Qxf3 35. Rxe2 Qxe2 {King: If the knight were posted on e3 or g3, then White
would have had reasonable drawing chances, but on d3, it is just a liability,
and by combining attacks on the king, the loose h-pawn, and the rook, Black
forces a win. Too many targets.} 36. Kg2 Qe4+ 37. f3 Qg6+ 38. Kf2 Qh5 39. Nf4 (
39. Kg2 {Sokolov,I} Qg5+ 40. Kf1 Qe3 $1 41. Rc8+ Kh7 42. Ne1 Qe6 $19) 39...
Qh4+ 40. Ke3 g5 41. Nd5 Kg7 42. Rc6 Qe1+ 43. Kd4 Qd1+ 44. Ke5 Qxf3 45. Rc3 Qf1
46. Rb3 h5 47. Rg3 f6+ 48. Ke4 Qc4+ 0-1

[Event "Bundesliga 0102"]
[Site "Germany"]
[Date "2001.11.25"]
[Round "4.3"]
[White "Paehtz, Thomas Sr"]
[Black "Gabriel, Christian"]
[Result "0-1"]
[WhiteElo "2451"]
[BlackElo "2545"]
[Annotator "Wedberg,T"]
[PlyCount "70"]
[EventDate "2001.10.06"]
[EventType "team-tourn"]
[EventRounds "15"]
[EventCountry "GER"]
[SourceTitle "CBM 087"]
[Source "ChessBase"]
[SourceDate "2002.03.21"]
[SourceVersion "1"]
[SourceVersionDate "2002.03.21"]
[SourceQuality "1"]
[WhiteTeam "Erfurt SK"]
[BlackTeam "Stuttgart"]
[WhiteTeamCountry "GER"]
[BlackTeamCountry "GER"]

1. e4 e5 2. Nf3 Nc6 3. Bb5 a6 4. Ba4 Nf6 5. Qe2 b5 6. Bb3 Be7 7. d4 d6 8. c3
Bg4 9. d5 (9. Be3 d5 $1 {solves all Blacks problems} 10. exd5 Nxd5 11. h3 (11.
dxe5 Nxe5 12. O-O Nxf3+ 13. gxf3 Be6 $15) 11... exd4 $1 12. cxd4 Bh5 13. O-O
O-O $15 {1/2-1/2 Tiviakov,S-Almasi,Z/Groningen 1995/CBM 51/[Wedberg] (44)})
9... Na5 10. Bc2 c6 {[%mdl 8]} (10... O-O 11. Nbd2 Qc8 12. h3 Bd7 13. Nb3 Nc4
14. Nfd2 c6 $132 {1-0 Tiviakov,S-Hector,J/Leon 2001/CBM 86 no vc (40)}) 11. b4
$2 (11. dxc6 $142) 11... cxd5 $1 {[%mdl 4] With a typical tactical stroke
Black destroys White´s centre.} 12. bxa5 (12. exd5 Nc4 $17 {[%csl Rd5]}) 12...
dxe4 13. Bxe4 d5 14. h3 (14. Bc2 e4 $17) 14... dxe4 15. hxg4 exf3 16. Qxf3 (16.
gxf3 $5) 16... e4 17. Qe2 Qd5 18. Be3 b4 19. O-O (19. Bd4 $5) 19... O-O 20. g5
Ne8 21. cxb4 Bxb4 22. Nd2 Nd6 23. Nb3 Nb5 $17 24. Qg4 Nc3 25. Bd4 Rac8 26. Rae1
(26. Bxc3 Bxc3 27. Rad1 Qe5 $17) 26... Nxa2 27. Re3 {White's attempt at an
attack is easy to stop.} Bc3 $1 $19 28. Qxe4 (28. Bxc3 Nxc3 29. Nc1 Qxa5 $19)
28... Qxb3 29. Rh3 g6 30. Qh4 h5 31. gxh6 Kh7 32. Rxc3 Nxc3 33. Qf6 Ne2+ 34.
Kh1 Rg8 35. Ba7 Qd3 0-1

[Event "Groningen"]
[Site "Groningen"]
[Date "1995.??.??"]
[Round "7"]
[White "Tiviakov, Sergei"]
[Black "Almasi, Zoltan"]
[Result "1/2-1/2"]
[WhiteElo "2655"]
[BlackElo "2630"]
[Annotator "Wedberg,T"]
[PlyCount "87"]
[EventDate "1995.12.??"]
[EventType "tourn"]
[EventRounds "11"]
[EventCountry "NED"]
[EventCategory "17"]
[SourceTitle "CBM 051"]
[Source "ChessBase"]
[SourceDate "1996.04.01"]
[SourceVersion "1"]
[SourceVersionDate "1996.04.01"]
[SourceQuality "1"]

1. e4 {Hansen,LB} e5 2. Nf3 Nc6 3. Bb5 a6 4. Ba4 Nf6 5. Qe2 b5 6. Bb3 Be7 7. d4
(7. O-O {Hansen,LB is the main line, and probably better.}) 7... d6 (7... d5 8.
dxe5 Nxe4 9. O-O Na5 10. Rd1 Be6 11. Nd4 O-O $10 {Davies,N-Varavin,V/Gausdal/
1993}) 8. c3 (8. dxe5 dxe5 9. a4 Bg4 10. c3 O-O 11. Nbd2 Rb8 12. axb5 axb5 13.
O-O Nh5 $36 {De Jong,T-Hellers,F/Wijk-B/1990}) 8... Bg4 {Exploiting the move
order.} (8... exd4 9. cxd4 Bg4 10. Be3 Na5 11. Bc2 c5 12. Nbd2 $14 {Asztalos,
L-Steiner,L/Kecskemet/1927}) 9. Be3 (9. Bd5 $6 Nxd5 10. exd5 Na5 11. dxe5 dxe5
12. Qxe5 O-O $15 {Jaffe,C-Kupchik,A/Havana/1913}) (9. dxe5 Nxe5 10. h3 Nxf3+
11. gxf3 Bh5 12. Bf4 O-O 13. Nd2 Nd7 14. Qe3 Nc5 15. O-O-O $13 {Ivanov,
AV-Kotliar,M/St Martin/1992}) 9... d5 $1 {N The fight for the center is the
basis of all openings!} (9... Na5 10. dxe5 Bxf3 11. Qxf3 dxe5 12. O-O Nxb3 13.
axb3 O-O $10 {Tischbierek,R-Romanishin,O/Bad Endbach/1995}) 10. exd5 Nxd5 11.
h3 (11. dxe5 Nxe5 12. O-O Nxf3+ 13. gxf3 Be6 $15) 11... exd4 $1 12. cxd4 (12.
hxg4 $6 dxe3 13. fxe3 Qd6 $1 $15 (13... O-O $2 14. Qc2 $1 h6 (14... Nf6 15. g5
$18) 15. Qe4 $18)) 12... Bh5 (12... Be6 $5 {Hansen,LB}) 13. O-O O-O 14. Nbd2 $6
(14. Nc3 $142) 14... Re8 15. Rac1 Na5 16. Bc2 Bb4 $1 17. Ne4 Nc4 $17 18. a3 Bf8
19. Bb1 Bg6 20. Rxc4 $5 {The only chance! After quiet continuations Black
would be clearly better.} bxc4 21. Ne5 Nf6 (21... c3 22. bxc3 Bxa3 $17 (22...
Bxe4 23. Bxe4 Nxc3 24. Bxh7+ $10)) 22. Nxf6+ Qxf6 23. Ba2 Bd6 (23... c5 24.
Nxg6 Qxg6 25. Qxc4 cxd4 26. Qxd4 $15) 24. Nxc4 Qxd4 25. Rd1 Qf6 26. Nxd6 cxd6
27. Bd5 $1 $15 {^^} Rac8 28. Qxa6 Qxb2 29. Qxd6 Bh5 30. Rd4 Qc3 31. Kh2 Rcd8
32. Qb6 Rb8 33. Qd6 Bg6 34. a4 Qa5 35. Bc6 Red8 36. Qf4 Rxd4 37. Bxd4 Rc8 38.
Bb5 Qe1 39. Bd7 Ra8 40. Bc6 Rc8 41. Bd7 Ra8 42. Bb6 h6 43. a5 $10 Rxa5 44. Bxa5
1/2-1/2

[Event "Hoogovens op"]
[Site "Wijk aan Zee"]
[Date "1995.01.??"]
[Round "9"]
[White "Tiviakov, Sergei"]
[Black "Almasi, Zoltan"]
[Result "1-0"]
[WhiteElo "2625"]
[BlackElo "2590"]
[Annotator "Wedberg,T"]
[PlyCount "55"]
[EventDate "1995.01.??"]
[EventType "swiss"]
[EventRounds "12"]
[EventCountry "NED"]
[SourceTitle "CBM 046"]
[Source "ChessBase"]
[SourceDate "1995.06.01"]
[SourceVersion "1"]
[SourceVersionDate "1995.06.01"]
[SourceQuality "1"]

1. e4 e5 2. Nf3 Nc6 3. Bb5 a6 4. Ba4 Nf6 5. Qe2 b5 6. Bb3 Bc5 7. c3 d6 8. d3
O-O 9. Bg5 Be6 (9... h6 10. Bh4 Be6 11. Bd5 Bxd5 12. exd5 Nb8 13. Bxf6 (13.
Nbd2 $142 Nbd7 (13... g5 $6 14. Nxg5 hxg5 15. Bxg5 Nbd7 16. Ne4 Kg7 17. Qf3 $40
) 14. Ne4 Bb6 $13) 13... Qxf6 14. O-O Nd7 15. Nbd2 Bb6 $15 {Tiviakov,S-Wedberg,
T/Haninge/1992}) 10. Nbd2 Qe7 $2 (10... h6 $142) 11. Bd5 $1 $16 Bxd5 12. exd5
Nb8 13. Ne4 Nbd7 14. Nh4 $40 h6 15. Nf5 Qd8 16. Bh4 Kh7 17. Qf3 Rh8 18. g4 $1
Kg8 19. Nxg7 $1 $18 Kxg7 20. Rg1 {/\g5+-} Nxe4 21. Bxd8 Bxf2+ 22. Ke2 Bxg1 23.
dxe4 Bxh2 24. Bxc7 Bf4 25. Bxd6 f6 26. a4 Nb6 27. b3 bxa4 28. Bc7 1-0